000 00545nam a22001937a 4500
005 20240131165612.0
010 _aENG-139042
020 _a9789391121181
_c295.00
035 _aEN-122574
037 _bDBAD/PUB
082 _a000
_21
245 _aIndian Army Agniveer Clerk/SKT /
_b
250 _a1
260 _aAgra
_bUPKAR PUBLICATION
270 _a1State Bank Colony, Near Khandari
_bAgra
_e282005
300 _a104 p.
_c28 cm(pbk)
700 _aGilberg, Richard F.
_eAuthor
_961255
942 _2ddc
_cEN
_h000
_mIND
999 _c200404
_d200404